| 000 | 00672nam a2200205 i 4500 | ||
|---|---|---|---|
| 001 | 134461 | ||
| 003 | ES-MaACL | ||
| 007 | t| | ||
| 008 | 070911s1984 sp ||||1| spa d | ||
| 100 | 1 |
_aWebber, Philip. _9116247 |
|
| 245 | 1 | 0 |
_aCrisis de los euromisiles / _cPhilip Webber, Graeme Wilkinson, Barry Rubin ; [versión Patricia López de Tejada y Teresa Filesi]. |
| 250 | _a[1ª ed.]. | ||
| 260 |
_aMadrid : _bDebate, _c[1984] |
||
| 300 |
_a154 p. ; _c18 cm. |
||
| 700 | 1 |
_aWilkinson, Graeme. _9116863 |
|
| 700 | 1 |
_aRubin, Barry. _9100320 |
|
| 700 | 1 |
_aLópez de Tejada, Patricia. _973593 |
|
| 700 | 1 |
_aFilesi, Teresa. _950831 |
|
| 852 |
_aES-MaACL _jL-6625 _bR.107170 |
||
| 999 |
_c134461 _d134461 |
||